Normal view
MARC view
- Muhammad Aamir
Entry Personal Name
001 - CONTROL NUMBER
- control field: 93033
003 - CONTROL NUMBER IDENTIFIER
- control field: NUST
005 - DATE AND TIME OF LATEST TRANSACTION
- control field: 20220705161355.0
008 - FIXED-LENGTH DATA ELEMENTS
- fixed length control field: 220705|| aca||aabn | a|a d
040 ## - CATALOGING SOURCE
- Original cataloging agency: NUST
- Transcribing agency: NUST
100 ## - HEADING--PERSONAL NAME
- Personal name: Muhammad Aamir
670 ## - SOURCE DATA FOUND
- Source citation: Work cat.: (NUST)13272: Abdur Rafay 93032, Visual tracking and analysis in sports, 2015
